000
00297nam a22001337a 4500
008
170221b xxu||||| |||| 00| 0 eng d
020
_a
9780323045544
041
_a
eng
080
_2
25TH
_a
615
100
_a
5
101
_a
SHF
245
_a
INTRAVENOUS MEDICATIONS
_c
GAHART, B.L
942
_2
udc
_c
BK
999
_c
5926
_d
5926